000 00288 a2200121 4500
999 _c12412
_d12412
003 OSt
008 240116b ||||| |||| 00| 0 eng d
020 _a9782953808179
082 _a720.92
100 _aRasmus Fenhann
_d1999-2022
245 _aHoneycombs and Pyramids: Works
942 _2ddc